Vernosť zákazníka si treba zaslúžiť

Podiel vlastných značiek reťazcov patrí na Slovensku k najvyšším v krajinách SVE. Takmer tri štvrtiny výdavkov minú domácnosti na privátne značky najmä v diskontných predajniach. Podiel privátnych značiek na slovenskom trhu - rozhovor.

Salvato in:
Dettagli Bibliografici
Autore principale: Halasová, Henrieta
Altri autori: Csengeri, Ladislav
Natura: Capitolo di libro
Lingua:slovacco
Soggetti:
Tags: Aggiungi Tag
Nessun Tag, puoi essere il primo ad aggiungerne!!

MARC

LEADER 00000naa a2200000 4500
001 0220122
005 20221104112005.7
041 0 |a slo 
044 |a SK 
245 1 0 |a Vernosť zákazníka si treba zaslúžiť  |c Henrieta Halasová, Ladislav Csengeri 
520 |a Podiel vlastných značiek reťazcov patrí na Slovensku k najvyšším v krajinách SVE. Takmer tri štvrtiny výdavkov minú domácnosti na privátne značky najmä v diskontných predajniach. Podiel privátnych značiek na slovenskom trhu - rozhovor. 
610 2 0 |a trh 
610 2 0 |a trh domáci 
610 2 0 |a trh potravinový 
610 2 0 |a reťazce obchodné 
610 2 0 |a značky výrobkov 
100 1 |a Halasová, Henrieta 
700 1 |a Csengeri, Ladislav